| 000 | 00782nam a2200217Ia 4500 | ||
|---|---|---|---|
| 008 | 0000002000 us a 0000000000eng00 | ||
| 020 | _a1889097314 | ||
| 090 | _aPUS00 G66m | ||
| 100 | 1 | _aGoodveve, Thyrza Nichols | |
| 245 | 1 | 0 |
_aMonster's progress _b: James Barsness _c/ text by Thyrza Nichols Goodeve, Richard Rayner and Susan Kandel |
| 264 | _aWest Stockbridge : Hard Press | ||
| 300 | _a47 p. | ||
| 500 | _aCon el patronazgo del maestro venezolano Jesús Rafael Soto (q.e.p.d.) | ||
| 600 | 0 | 0 |
_a BARNESS, JAMES, 1954/ _xTRABAJOS PICTORICOS |
| 650 | 1 | 4 | _a PINTURA ESTADOUNIDENSE |
| 650 | 1 | 4 | _aARTE CONTEMPORANEO ESTADOUNIDENSE |
| 650 | 1 | 4 | _xCATALOGOS |
| 650 | 1 | 4 | _aPINTORES ESTADOUNIDENSES |
| 700 | 1 | _aRayner, Richard \ Kandel, Susan | |
| 999 |
_c854 _d854 |
||
| 260 | _c2000 | ||